2025 NHL TEAM USA HOCKEY ROSTER - Statistics

General Stats
  • This quiz has been taken 142 times
  • The average score is 18 of 23
Answer Stats
Hint Answer % Correct
#86 (NJ) Jack Hughes
94%
#7 (OTT) Brady Tkachuk
92%
#19 (FLA) Matthew Tkachuk
92%
#34 (TOR) Auston Matthews
91%
#37 (WPG) Connor Hellebuyck
89%
#9 (VGK) Jack Eichel
88%
#1 (BOS) Jeremy Swayman
85%
#81 (WPG) Kyle Connor
85%
#30 (DAL) Jake Oettinger
83%
#23 (NYR) Adam Fox
80%
#25 (BOS) Charlie McAvoy
80%
#21 (DET) Dylan Larkin
79%
#12 (MIN) Matt Boldy
75%
#74 (CAR) Jaccob Slavin
74%
#59 (TB) Jake Guentzel
73%
#8 (CBJ) Zach Werenski
73%
#14 (MIN) Brock Faber
70%
#29 (NYI) Brock Nelson
66%
#20 (NYR) Chris Kreider
65%
#10 (NYR) J.T. Miller
65%
#85 (OTT) Jake Sanderson
60%
#16 (NYR) Vincent Trocheck
59%
#15 (VGK) Noah Hanifin
50%
No matching quizzes found
Score Distribution
Percent of People with Each Score
Percentile by Number Answered
Your Score History
You have not taken this quiz